00448 2200145 4500001002100000008004100021035002000062245005200082100001600134260002500150300001400175082001000189650009000199990001300289INLIS000000000000526 ind  a0010-0322000526 aDEWI SANGGALANGIT ASAL USUL REOG PONOROGOcIKHA aFERDIANSYAH aSURABAYAbMEGA PRESS ahlm.ccm. a398.2 aFOLK LITERATURE, FAIRY TALES, MYTH, MYTHOLOGY/CERITA RAKYAT, DONGENG, MITOS, MITOLOGI a102709-1